00333nam a2200109Ia 4500008004100000020001500041082001700056245007200073260004100145300001400186700002300200161229s9999 xx 000 0 und d a0195627342 a338.9 DIP/ES aEssay in economic analysis and policy: a tribute to bhabatosh datta bOxford University PressaDelhic1991 axiii, 264 aDipak Banerjee,ed.